| 000 | 00574nam a22001937a 4500 | ||
|---|---|---|---|
| 003 | OSt | ||
| 005 | 20161006151734.0 | ||
| 008 | 161006b xxu||||| |||| 00| 0 eng d | ||
| 020 | _a9780521664820 | ||
| 040 | _cDDC. | ||
| 082 | _a541.01514FLA 2000. | ||
| 100 |
_aPlapan, Erica; _911153 |
||
| 245 |
_aWhen Topology Meets Chemistry: _bA topological Look at Molecular Chirality. |
||
| 260 |
_aAmerica. _bCambridge University Press. _c2000. |
||
| 300 |
_axiii,241p; _bill; _c24cm. |
||
| 504 | _aincludes references and index. | ||
| 650 |
_achemistry _9797 |
||
| 942 |
_2ddc _cO_SHELF |
||
| 999 |
_c5315 _d5315 |
||